Shikshan kala (Record no. 1379625)

MARC details
000 -LEADER
fixed length control field 00503nam a2200193Ia 4500
005 - DATE AND TIME OF LATEST TRANSACTION
control field 20250508162945.0
008 - FIXED-LENGTH DATA ELEMENTS--GENERAL INFORMATION
fixed length control field 008 250505s9999 xx 000 0 hin d
020 ## - INTERNATIONAL STANDARD BOOK NUMBER
International Standard Book Number 81-7457-044-6
037 ## - SOURCE OF ACQUISITION
Stock number Textual
040 ## - CATALOGING SOURCE
Original cataloging agency FEDL
Language of cataloging eng
Transcribing agency FEDL
041 ## - LANGUAGE CODE
Language code of text/sound track or separate title hin
Source of code hin
084 ## - COLON CLASSIFICATION NUMBER
Classification number 371, MAT
Assigning agency FEDL
100 ## - MAIN ENTRY--PERSONAL NAME
Personal name Mathur S S
9 (RLIN) 762455
245 #0 - TITLE STATEMENT
Title Shikshan kala
260 ## - PUBLICATION, DISTRIBUTION, ETC.
Place of publication, distribution, etc. Agra, India
Name of publisher, distributor, etc. Vinod Pustak Mandir
Date of publication, distribution, etc. 1995
300 ## - PHYSICAL DESCRIPTION
Extent 257p.
942 ## - ADDED ENTRY ELEMENTS (KOHA)
Koha item type Textual
Classification part 371, MAT
Holdings
Withdrawn status Lost status Damaged status Not for loan Home library Current library Date acquired Total Checkouts Full call number Barcode Date last seen Price effective from Koha item type
        Department of Education Library Department of Education Library 2025-05-08   371, MAT EL0072655 2025-05-08 2025-05-08 Textual
Copyright @ Delhi University Library System